Personnages de Cars - Statistiques

Statistiques générales
  • Ce quiz a été pris 1 526 fois
    1 519 depuis la dernière actualisation
  • Le résultat moyen est 12 sur 34
Statistiques - réponses
Episodes d'apparition Personnage % Correct
1 2 3 Martin
97%
1 2 3 Flash McQueen
89%
1 2 3 Sally
86%
1 Doc Hudson
80%
1 2 3 Luigi
63%
1 2 3 Guido
59%
2 Francesco Bernoulli
49%
1 Le King
49%
2 Finn McMissile
48%
1 2 3 Mack
47%
1 2 3 Flo
45%
1 2 3 Ramone
42%
1 2 3 Sergent
41%
1 3 Chick Hicks
40%
3 Cruz Ramirez
39%
3 Jackson Storm
37%
1 2 3 Sheriff
35%
1 2 3 Red
33%
1 2 3 Fillmore
32%
1 2 3 Lizzie
25%
2 Holley Shiftwell
22%
2 Professeur Z
22%
1 Tex
22%
2 Miles Axlerod
17%
1 DJ
13%
1 2 3 Darrel Cartrip
12%
3 Sterling
12%
2 Acer
11%
1 Boost
11%
2 Grem
11%
1 Wingo
11%
1 Frank
10%
1 Snot Rod
9%
2 Sydney
2%
Aucun quiz correspondant
Distribution des résultats
% des personnes avec chaque résultat
Percentile par nombre de réponses
Votre historique - résultats
Vous n’avez pas pris ce quiz depuis la dernière actualisation